Sports Quiz

Random Sports or Cricket Quiz

Bowlers with the lowest post-war Test strike-rates Quiz Stats

 Plays Quiz not verified by Sporcle

Support Sporcle.
Go Orange.
Score 0/50 Timer 08:00
0 Plays Today
Country Name % Correct
South Africa Dale Steyn
92.6%
AustraliaGlenn McGrath
76.1%
PakistanWaqar Younis
70.7%
New ZealandRichard Hadlee
67.1%
PakistanImran Khan
65.5%
South AfricaAllan Donald
65.1%
West IndiesMalcolm Marshall
62.2%
AustraliaBrett Lee
62.1%
South AfricaKagiso Rabada
60.7%
AustraliaMitchell Starc
60.5%
New ZealandShane Bond
57.1%
West IndiesMichael Holding
55.1%
IndiaJasprit Bumrah
54.2%
AustraliaPat Cummins
53.1%
AustraliaDennis Lillee
49.9%
South Africa Morne Morkel
49.8%
AustraliaMitchell Johnson
48.3%
South AfricaVernon Philander
48.2%
West IndiesJoel Garner
47.8%
IndiaRavi Ashwin
47.7%
South AfricaMakhaya Ntini
44.4%
PakistanShoaib Akhtar
43.1%
IndiaMohammed Shami
39%
New ZealandNeil Wagner
38.4%
EnglandDarren Gough
37.8%
Country Name % Correct
EnglandBob Willis
37%
AustraliaJeff Thomson
31.4%
EnglandSimon Jones
31%
AustraliaRyan Harris
29.6%
West IndiesKemar Roach
29%
EnglandFred Trueman
25.5%
PakistanMohammed Asif
24.6%
IndiaUmesh Yadav
23.3%
EnglandSteve Finn
22%
West IndiesIan Bishop
21.6%
Sri LankaLasith Malinga
20%
AustraliaJames Pattinson
19.7%
West IndiesColin Croft
19%
IndiaBhuvneshwar Kumar
18.7%
PakistanShabbir Ahmed
18%
New ZealandChris Cairns
17.3%
PakistanMohammad Abbas
14.4%
West IndiesPatrick Patterson
12.2%
EnglandFrank Tyson
8.9%
West IndiesJermaine Lawson
7.2%
AustraliaDoug Bollinger
5.3%
EnglandDean Headley
3.6%
AustraliaLen Pascoe
2.7%
South AfricaNantie Hayward
2.4%
AustraliaGary Gilmour
2.3%

You're not logged in!

Compare scores with friends on all Sporcle quizzes.
OR
Log In

From the Vault

Vowel Beginning Blitz

by WackyZacky

Work quickly or you'll be disa-voweled.
Remove Ads.
Support Sporcle.
Get the best of Sporcle when you Go Orange. This ad-free experience offers more features, more stats, and more fun while also helping to support Sporcle. Thank you for becoming a member.

Show Comments

Extras

Created May 20, 2020ReportNominate
Tags:Cricket Quiz

Top Quizzes Today


Score Distribution

Your Account Isn't Verified!

In order to create a playlist on Sporcle, you need to verify the email address you used during registration. Go to your Sporcle Settings to finish the process.

Report this User

Report this user for behavior that violates our Community Guidelines.

Details: